Statistics for The 10 Most Visited Cities in the United States by Foreign Travelers (2013)

Click here to take the quiz!

General Stats

  • This quiz has been taken 385 times
  • The average score is 9 of 10

Answer Stats

HintAnswer% Correct
1.New York City9,579,000 visitors
100%
3.Los Angeles3,781,000 visitors
98%
2.Miami4,005,000 visitors
98%
9.Chicago1,378,000 visitors
96%
5.San Francisco3,044,000 visitors
94%
10.Boston1,282,000 visitors
90%
8.Washington DC1,698,000 visitors
85%
4.Orlando3,716,000 visitors
80%
6.Las Vegas2,851,000 visitors
79%
7.Honolulu2,563,000 visitors
53%

Score Distribution

Percentile by Number Answered

Percent of People with Each Score

Your Score History

You have not taken this quiz